The collaboration game (Record no. 76959)
[ view plain ]
| 000 -LEADER | |
|---|---|
| fixed length control field | 00972cab a2200217 4500 |
| 001 - CONTROL NUMBER | |
| control field | ##L133371 |
| 008 - FIXED-LENGTH DATA ELEMENTS--GENERAL INFORMATION | |
| fixed length control field | 060504n2006 000 0 eng u |
| 035 ## - SYSTEM CONTROL NUMBER | |
| System control number | (Sirsi) u133371 |
| 041 0# - LANGUAGE CODE | |
| Language code of text/sound track or separate title | eng |
| 100 1# - MAIN ENTRY--PERSONAL NAME | |
| Personal name | Klein, Rudi |
| 245 04 - TITLE STATEMENT | |
| Title | The collaboration game |
| 260 ## - PUBLICATION, DISTRIBUTION, ETC. | |
| Date of publication, distribution, etc. | 2006 |
| 490 #0 - SERIES STATEMENT | |
| Series statement | Building |
| Volume/sequential designation | 271(8428) 28 April 2006, 53(1) |
| 520 ## - SUMMARY, ETC. | |
| Summary, etc. | Argues that to derive full benefit from using NEC3 for design and construction works, the Olympic Delivery Authority will have to ensure that appropriate procurement strategies and relationships are in place. A fully integrated design team needs to be appointed, for which there are precedents in the construction industry, such as the Taylor Woodrow strategic alliance partnership. |
| 590 ## - LOCAL NOTE (RLIN) | |
| Local note | IKA090506 |
| 650 24 - SUBJECT ADDED ENTRY--TOPICAL TERM | |
| Topical term or geographic name entry element | NEW ENGINEERING CONTRACT (THIRD EDITION) |
| 650 24 - SUBJECT ADDED ENTRY--TOPICAL TERM | |
| Topical term or geographic name entry element | OLYMPIC GAMES 2012 |
| 650 24 - SUBJECT ADDED ENTRY--TOPICAL TERM | |
| Topical term or geographic name entry element | OLYMPIC DELIVERY AUTHORITY |
| 690 ## - LOCAL SUBJECT ADDED ENTRY--TOPICAL TERM (OCLC, RLIN) | |
| Topical term or geographic name as entry element | MANAGEMENT-PROJECT MANAGEMENT-PROGRAMME MANAGEMENT |
| 942 ## - ADDED ENTRY ELEMENTS (KOHA) | |
| Suppress in OPAC | 0 |
| Withdrawn status | Lost status | Source of classification or shelving scheme | Damaged status | Not for loan | Home library | Current library | Shelving location | Date acquired | Total Checkouts | Full call number | Barcode | Date last seen | Copy number | Price effective from | Koha item type |
|---|---|---|---|---|---|---|---|---|---|---|---|---|---|---|---|
| Dewey Decimal Classification | London | London | Journal article | 04/05/2006 | L133371 | 133371-1001 | 06/08/2019 | 1 | 06/08/2019 | Journal article |